Thermodynamics of Pharmaceutical Systems: (Record no. 630)
[ view plain ]
| 000 -LEADER | |
|---|---|
| fixed length control field | 01598cam a22003254a 4500 |
| 001 - CONTROL NUMBER | |
| control field | 12857452 |
| 003 - CONTROL NUMBER IDENTIFIER | |
| control field | OSt |
| 005 - DATE AND TIME OF LATEST TRANSACTION | |
| control field | 20170323192354.0 |
| 008 - FIXED-LENGTH DATA ELEMENTS--GENERAL INFORMATION | |
| fixed length control field | 020715s2002 njua b 001 0 eng |
| 010 ## - LIBRARY OF CONGRESS CONTROL NUMBER | |
| LC control number | 2002011151 |
| 020 ## - INTERNATIONAL STANDARD BOOK NUMBER | |
| International Standard Book Number | 047120241X |
| 035 ## - SYSTEM CONTROL NUMBER | |
| System control number | (DNLM)101149839 |
| 040 ## - CATALOGING SOURCE | |
| Original cataloging agency | DNLM/DLC |
| Transcribing agency | DLC |
| Modifying agency | DLC |
| 042 ## - AUTHENTICATION CODE | |
| Authentication code | pcc |
| 050 00 - LIBRARY OF CONGRESS CALL NUMBER | |
| Classification number | RS403 |
| Item number | .C665 2002 |
| 060 10 - NATIONAL LIBRARY OF MEDICINE CALL NUMBER | |
| Classification number | QC 311 |
| Item number | C752t 2003 |
| 082 00 - DEWEY DECIMAL CLASSIFICATION NUMBER | |
| Classification number | QV 778 C762t 2002 |
| Edition number | 21 |
| 100 1# - MAIN ENTRY--PERSONAL NAME | |
| Personal name | Connors, Kenneth A. |
| Dates associated with a name | 1932- |
| 9 (RLIN) | 1650 |
| 245 10 - TITLE STATEMENT | |
| Title | Thermodynamics of Pharmaceutical Systems: |
| Remainder of title | an introduction for students of pharmacy |
| 260 ## - PUBLICATION, DISTRIBUTION, ETC. (IMPRINT) | |
| Place of publication, distribution, etc. | New Jersey; |
| Name of publisher, distributor, etc. | Wiley-Interscience, |
| Date of publication, distribution, etc. | c2002. |
| 300 ## - PHYSICAL DESCRIPTION | |
| Extent | xii, 344 p. : |
| Other physical details | ill. ; |
| Dimensions | 23 cm. |
| 504 ## - BIBLIOGRAPHY, ETC. NOTE | |
| Bibliography, etc | Includes bibliographical references and index. |
| 505 0# - FORMATTED CONTENTS NOTE | |
| Formatted contents note | Energy and the first law of thermodynamics -- Fundamental concepts -- The first law of thermodynamics -- The enthalpy -- The entropy concept -- The entropy defined -- The second law of thermodynamics -- Applications of the entropy concept -- The free energy -- Properties of the free energy -- The chemical potential equilibrium -- Conditions for equilibrium -- Physical processes -- Chemical equilibrium -- Introduction to physical processes -- Scope -- Concentration scales -- Standard states. |
| 650 #0 - SUBJECT ADDED ENTRY--TOPICAL TERM | |
| Topical term or geographic name as entry element | Pharmaceuticals |
| 9 (RLIN) | 283 |
| 650 #0 - SUBJECT ADDED ENTRY--TOPICAL TERM | |
| Topical term or geographic name as entry element | Thermodynamics. |
| 9 (RLIN) | 1651 |
| 856 42 - ELECTRONIC LOCATION AND ACCESS | |
| Materials specified | Publisher description |
| Uniform Resource Identifier | http://www.loc.gov/catdir/description/wiley037/2002011151.html |
| 856 41 - ELECTRONIC LOCATION AND ACCESS | |
| Materials specified | Table of contents |
| Uniform Resource Identifier | http://www.loc.gov/catdir/toc/wiley031/2002011151.html |
| 906 ## - LOCAL DATA ELEMENT F, LDF (RLIN) | |
| a | 7 |
| b | cbc |
| c | orignew |
| d | 1 |
| e | ecip |
| f | 20 |
| g | y-gencatlg |
| 942 ## - ADDED ENTRY ELEMENTS (KOHA) | |
| Source of classification or shelving scheme | Other/Generic Classification Scheme |
| Koha item type | Short Loan |
| Withdrawn status | Lost status | Source of classification or shelving scheme | Damaged status | Not for loan | Home library | Current library | Date acquired | Source of acquisition | Inventory number | Total Checkouts | Full call number | Barcode | Date last seen | Price effective from | Koha item type |
|---|---|---|---|---|---|---|---|---|---|---|---|---|---|---|---|
| Other/Generic Classification Scheme | MUST Main Library | MUST Main Library | 30/10/2014 | 2006/28171 | QV 778 C762t 2002 | 2014-3183 | 30/10/2014 | 30/10/2014 | Short Loan | ||||||
| Other/Generic Classification Scheme | MUST Main Library | MUST Main Library | 30/06/2016 | 06/28170 | QV 778 C762t 2002 | 2016-2902 | 30/06/2016 | 30/06/2016 | Short Loan |
